000 00468nam a2200157Ia 4500
008 120928t1989 xxu||||| |||| 00| 0 sin d
041 _asin
080 _a8 S [3-053.2] (Youth)
_bNAW
245 _aඅර්ජුන කුමාරයාගේ කතන්දරේ
246 _aArjuna Kumarayage Kathandare
260 _aSarvodaya Publishers
_aRathmalana
_c1989
300 _b89p, 18 cm
942 _cBK
999 _c42925
_d42925
003 LK-CoDNM
040 _aLK-CoDNM
_dLK-CoDNM
_eLK-CoDNM